[Event "MCR mladeze, Kouty 2018 - D10"]
[Site "Kouty nad Desnou"]
[Date "2018.03.17"]
[Round "9"]
[White "Janouskova, Adela"]
[Black "Reznickova, Sibyla"]
[Result "1-0"]
[WhiteElo "1399"]
[BlackElo "1101"]
[EventDate "2018.03.10"]

1. e4  c5  2. d4  cxd4
3. c3  d3  4. Bxd3
e5  5. Nf3  Nc6
6. Bc4  Nf6  7. Ng5  d5
8. Bxd5  Be6  9. Nxe6
fxe6  10. Bxc6+  bxc6
11. Qxd8+  Rxd8  12. Bg5
Be7  13. O-O  O-O
14. Re1  h6  15. Bh4
Rf7  16. c4  Rdf8
17. Nc3  Ng4  18. Bxe7
Rxe7  19. f3  Nf6
20. Red1  Nh5  21. Rd6
Rf6  22. Rxc6  Rg6
23. Rc8+  Kh7  24. Rd1
Nf4  25. Rd2  Rf7
26. Kf1  Rg5  27. b4
Rf6  28. c5  Ng6
29. Rdd8  Ne7  30. Rc7
Ng6  31. Rxa7  Nh4
32. Rd2  Rfg6  33. c6
Rf6  34. c7  Rf8
35. Rd8  Rxd8  36. cxd8=Q
Nxg2  37. Qd2  h5
38. Qxg2  Rxg2  39. Kxg2
h4  40. h3  Kh6
41. b5  1-0

[Event "MCR mladeze, Kouty 2018 - D10"]
[Site "Kouty nad Desnou"]
[Date "2018.03.17"]
[Round "9"]
[White "Zadrapova, Amalie"]
[Black "Veverkova, Dorota"]
[Result "0-1"]
[WhiteElo "1141"]
[BlackElo "1086"]
[EventDate "2018.03.10"]

1. e4  e5  2. Nf3  Nc6
3. Bb5  a6  4. Ba4
Nf6  5. d3  Bc5
6. O-O  b5  7. Bb3  d6
8. Bg5  Bg4  9. Nbd2
h6  10. Bh4  Qd7
11. Re1  O-O-O  12. a4
g5  13. Bg3  h5
14. axb5  axb5  15. h3  h4
16. Bh2  Bh5  17. Bd5
g4  18. hxg4  Bxg4
19. c4  Na7  20. Ra5
bxc4  21. Qa1  Rdg8
22. Nxc4  Bxf3  23. Kf1
Rxg2  24. Rxa7  Rxf2+
25. Kg1  Qg4+  0-1

[Event "MCR mladeze, Kouty 2018 - D10"]
[Site "Kouty nad Desnou"]
[Date "2018.03.17"]
[Round "9"]
[White "Cinkova, Vicky"]
[Black "Sikorova, Jana"]
[Result "1/2-1/2"]
[WhiteElo "1100"]
[BlackElo "1295"]
[EventDate "2018.03.10"]

1. e4  c5  2. f4  e6
3. Nf3  a6  4. a4
b6  5. Nc3  Bb7
6. g3  Qc7  7. Bg2  d6
8. O-O  Nd7  9. d3
Be7  10. Be3  Ngf6
11. Qe2  O-O  12. Rae1
Rfe8  13. h3  Rac8
14. d4  cxd4  15. Bxd4
e5  16. fxe5  dxe5
17. Be3  Nxe4  18. Nxe4
Bxe4  19. Qxa6 Bxf3  20. Bxf3
e4  21. Bf4 Qxc2  22. Rc1
Bc5+  23. Kh1  Qxb2
24. Bxe4  Nf6  25. Bf5
Rcd8  26. Bg5  Bf2
27. Rc2  Qb3  28. Rcxf2
Nh5  29. Rf3  Ra8
30. Rxb3  Rxa6  31. Bd7
Re2  32. Bb5  Nxg3+
33. Rxg3  Ra2  34. Bxa6
Rxa4  35. Rd1  h6
36. Bxh6  Kh7  37. Rxg7+
Kxh6  38. Rxf7  Rxa6
39. Rd6+  Kg5  40. Rg7+
Kf5  41. h4  Ra1+
42. Rg1  Ra3  43. Rg5+
Ke4  44. Re6+  Kf4
45. Kh2  Rb3  46. Rf6+
Ke4  47. Rg3  Rb2+
48. Rg2  Rb3  49. h5
Ke5  50. h6  Rb4
51. Kh3  Rb1  52. h7
Rh1+  53. Rh2  Rxh2+
54. Kxh2  Kxf6  55. h8=Q+ Ke6
56. Kg3  Kd5  57. Kf3  Kc4
58. Ke2  b5  59. Kd2
Kb3  60. Kc1  b4
61. Qb2+  Kc4  62. Qa2+
b3  63. Kb2  bxa2
64. Kxa2  1/2-1/2

[Event "MCR mladeze, Kouty 2018 - D10"]
[Site "Kouty nad Desnou"]
[Date "2018.03.17"]
[Round "9"]
[White "Hosova, Stella"]
[Black "Dudkova, Josefina"]
[Result "0-1"]
[WhiteElo "1100"]
[BlackElo "1182"]
[EventDate "2018.03.10"]

1. e4  d5  2. exd5  Nf6
3. d4  Bg4  4. f3
Bf5  5. g4  Bg6
6. c4  Qd6  7. Qb3  b6
8. Be3  c6  9. Nc3
cxd5  10. cxd5  e6
11. Nb5  Qb4+  12. Qc3
Qxc3+  13. Nxc3  Bb4
14. Bd2  Bxc3  15. Bxc3
Nxd5  16. Bb5+  Nd7
17. Bxd7+  Kxd7  18. Ne2
Ne3  19. Bd2  Nc2+
20. Kf2  Nxa1  21. Rxa1
Rac8  22. b4  Rc2
23. Be1  Bd3  24. Ke3
Bxe2  25. a4  h5
26. h3  hxg4  27. hxg4 Rh3 28.
Kf4  Rxf3+  29. Kg5  Rc4
30. b5  Rxd4  31. a5
Rd1  32. Ra2  Rxe1
33. Kh4  f6  34. Kh5
Bd3  35. Rh2  Rff1
36. Rh4  Rh1  37. axb6
Rxh4+  38. Kxh4  axb6
39. g5  fxg5+  40. Kxg5
Bxb5  41. Kg6  Ke7
42. Kxg7  Rg1+  43. Kh7
Kf6  44. Kh6  Rh1# 0-1

[Event "MCR mladeze, Kouty 2018 - D10"]
[Site "Kouty nad Desnou"]
[Date "2018.03.17"]
[Round "9"]
[White "Hrbkova, Johana"]
[Black "Stavova, Marketa"]
[Result "1-0"]
[WhiteElo "1093"]
[BlackElo "1004"]
[EventDate "2018.03.10"]

1. e4  e5  2. Nf3  Nc6
3. Nc3  Nf6  4. d4
exd4  5. Nxd4  Bc5
6. Be3  Qe7  7. Nf5
Qe5  8. Nxg7+  Kf8
9. Nf5  d6  10. Bd3
Bxf5  11. exf5  Bxe3
12. fxe3  Qxe3+  13. Qe2 Qf4
14. Rf1  Qg5  15. Ne4
Nxe4  16. Bxe4  Re8
17. Rd1  Ke7  18. Bxc6+
Kd8  19. Be4  Re7
20. Rd4  Rhe8  21. Kd1
c5  22. Rxd6+  Kc7
23. Qd3  Qh5+  24. Bf3
Qxh2  25. Rd5  b6
26. Qa6  Kb8  27. f6
Rc7  28. Kc1  Qf4+
29. Kb1  Qxf6  30. Rfd1
Qe7  31. a3  Rb7
32. Rd8+  Rxd8  33. Rxd8+
Kc7  34. Qxb7+  Kxd8
35. Qb8+  Kd7  36. Qxa7+
Kd6  37. Qxb6+  Kd7
38. Qc6+  Kd8  39. Ka2
f6  40. Bg4  Qf7+
41. Kb1  f5  42. Bf3
h5  43. Qxc5  f4
44. Bxh5  Qg7  45. Bf3
Qg3  46. a4  Qe1+
47. Ka2  Qe6+  48. Ka3
Qa6  49. Qf8+  Kc7
50. Qxf4+  1-0

[Event "MCR mladeze, Kouty 2018 - D10"]
[Site "Kouty nad Desnou"]
[Date "2018.03.17"]
[Round "9"]
[White "Archlebova, Stela"]
[Black "Barteckova, Denisa"]
[Result "1-0"]
[WhiteElo "1033"]
[BlackElo "1091"]
[EventDate "2018.03.10"]

1. e4  e5  2. Bc4  Nf6
3. Nc3  Nxe4  4. Qh5
Nd6  5. Bb3  Be7
6. Nb5  O-O  7. Nxd6
Bxd6  8. Nf3  Qf6
9. Ng5  h6  10. Ne4
Qf4  11. d3  Qxe4+
12. dxe4  Nc6  13. Qg4
g5  14. Qh5  Kg7
15. h4  f6  16. hxg5
fxg5  17. Qxh6#  1-0

[Event "MCR mladeze, Kouty 2018 - D10"]
[Site "Kouty nad Desnou"]
[Date "2018.03.17"]
[Round "9"]
[White "Hladka, Leontyna"]
[Black "Filipova, Vanesa"]
[Result "1-0"]
[WhiteElo "1078"]
[BlackElo "1247"]
[EventDate "2018.03.10"]

1. e4  e6  2. Nf3  d5
3. exd5  exd5  4. d4
Nf6  5. Bg5  Be7
6. Nc3  O-O  7. Qd2
Re8  8. O-O-O  Bd6
9. Bd3  Bg4  10. Nxd5
Be7  11. Nxf6+  Bxf6
12. Rde1  Rxe1+  13. Rxe1
Kf8  14. Bxf6  Qxf6
15. Qe2  Qh6+  16. Kb1
Nc6  17. Qe4  Bxf3
18. gxf3  g6  19. d5
f5  20. Qc4  Qd2
21. Qc5+  Kg8  22. Rc1
Ne5 23. Qxc7  Nxf3  24. Qxb7
Re8  25. a4  Qxf2
26. Ka2  Qd4  27. b3
a5  28. Qd7  Rb8
29. Rf1  Nxh2  30. Qc7
Nxf1  31. Qxb8+  Kg7
32. Bxf1  Qd2  33. Bd3
h5  34. d6 Qf4  35. Qd8
Qd4  36. d7  Kf7
37. Bc4+  Kg7  38. Qe7+
Kh6  39. d8=Q  Qxd8
40. Qxd8  h4  41. Qxh4+
Kg7  42. Qe7+  Kh6
43. Kb2  g5  44. Qe6+
Kh5  45. Qxf5  Kh4
46. Be6  Kh5  47. Kc3
Kh6  48. Bf7  Kg7
49. Qg6+  Kh8  50. Qg8#
1-0

[Event "MCR mladeze, Kouty 2018 - D10"]
[Site "Kouty nad Desnou"]
[Date "2018.03.17"]
[Round "9"]
[White "Myskova, Veronika"]
[Black "Vojcakova, Cecilie"]
[Result "0-1"]
[WhiteElo "1135"]
[BlackElo "1000"]
[EventDate "2018.03.10"]

1. e4  Nf6  2. Nc3  d5
3. exd5  Nxd5  4. d4
e6  5. Bd2  Nc6
6. Nf3  Bd6  7. Bd3  O-O
8. Qe2  Qe8  9. O-O-O
Ncb4  10. h4  Nxd3+
11. Qxd3  e5  12. Ng5
g6  13. h5  Bf5
14. Qf3 Nxc3  15. Bxc3  Qa4  16.
Qd5  Qxc2# 0-1

[Event "MCR mladeze, Kouty 2018 - D10"]
[Site "Kouty nad Desnou"]
[Date "2018.03.17"]
[Round "9"]
[White "Souralova, Jana"]
[Black "Micova, Barbora"]
[Result "1-0"]
[WhiteElo "1016"]
[BlackElo "1000"]
[EventDate "2018.03.10"]

1. e4  e5  2. Nf3 Nc6 3. Nc3  Nf6
4. Bb5  Bb4  5. O-O
d6  6. d4  Bxc3
7. bxc3  d5  8. dxe5 Nxe4  9. Qd4
O-O  10. Bxc6  bxc6
11. c4  Bg4  12. Ng5
Nxg5  13. Qxg4  h6
14. h4  Ne6  15. Bxh6
Rb8  16. Rfd1  Rb4
17. Rd3  Re8  18. Rg3
g6  19. h5  Rxc4
20. f4  Qd7  21. hxg6
Rxc2  22. gxf7+  Kxf7
23. f5  Ke7  24. fxe6
Qxe6  25. Qg7+  Kd8
26. Rg6  Qe7  27. Bg5
Qxg5  28. Rxg5  Re2
29. a4 1-0

[Event "MCR mladeze, Kouty 2018 - D10"]
[Site "Kouty nad Desnou"]
[Date "2018.03.17"]
[Round "9"]
[White "Barteckova, Valerie"]
[Black "Zamarska, Natalie"]
[Result "1-0"]
[WhiteElo "1080"]
[BlackElo "1000"]
[EventDate "2018.03.10"]

1. e4  e5  2. Nf3  Nc6
3. Nc3  Bc5  4. d3
d6  5. Be2  Nf6
6. Bg5  O-O  7. O-O  Bg4
8. Re1  h6  9. Bh4
d5  10. exd5  Nxd5
11. Bxd8  Raxd8 12. h3 Nxc3  13.
Qd2  e4  14. hxg4  exf3
15. Bxf3  Bb4  16. bxc3
Ba5  17. Rab1  b6
18. Bxc6  Rd6  19. Ba4
Rd4 20. Bc6 Rxg4  21. Re7  Rc8
22. Bd7  Kf8  23. Bxg4
Kxe7  24. Bxc8  Kd8
25. Bh3  g5  26. f4
f6  27. Re1  h5
28. fxg5  fxg5  29. Qe2  g4
30. Qe8# 1-0

[Event "MCR mladeze, Kouty 2018 - D10"]
[Site "Kouty nad Desnou"]
[Date "2018.03.17"]
[Round "9"]
[White "Hujerova, Melisa"]
[Black "Vojcakova, Anastazie"]
[Result "1-0"]
[WhiteElo "1000"]
[BlackElo "1000"]
[EventDate "2018.03.10"]

1. e4  Nf6  2. Nc3  d5
3. Bb5+  c6  4. Ba4
e5  5. Bb3  Be6
6. d3 dxe4 7. Nxe4 Nxe4 8. dxe4 Qxd1+ 9. Kxd1  Bxb3
10. cxb3 Bc5 11. Nh3  O-O  12.
Ke2  Nd7  13. Re1  Bb4
14. Rd1  Nf6  15. Ng5
Rad8  16. Be3  h6
17. Nf3  Nxe4  18. Nxe5 Bd6 19.
f3  Bxe5  20. fxe4 Bxh2 21. Bxa7
Bf4  22. Rf1  Be5  23. Rab1
Bd4  24. Bxd4 Rxd4 25. Rf4  Re8
26. Ke3  Red8  27. a4
Rd3+  28. Ke2 Rxb3 29. Ra1
Rxb2+  30. Ke1  b5  31. a5 Ra8
32. a6 Rb4 33. a7 Ra4 34. Rd1  f6  35. Rd7
R8xa7  36. Rd8+  Kf7
37. e5  Kg6  38. e6
Ra8  39. e7  Kg5
40. Re4  f5  41. Re6
Ra1+  42. Kd2  R8a2+ 43. Kc3
Ra3+  44. Kb4  Ra4+  45. Kc5
Rc1+  46. Kb6  Rg1
47. e8=Q Rxg2 48. Qg6+  Kh4  49.
Qxg2 Rg4 50. Qxc6  b4  51. Rg6
b3  52. Rxg4+  Kxg4  53. Qc1
Kf3  54. Rd4  Ke2
55. Qb2+  Ke3  56. Rb4
Kd3  57. Qxb3+  Kd2
58. Qa3  Kc2  59. Rb2+
Kc1  60. Qa1#  1-0

[Event "MCR mladeze, Kouty 2018 - D10"]
[Site "Kouty nad Desnou"]
[Date "2018.03.17"]
[Round "9"]
[White "Svrchokrylova, Ludmila"]
[Black "Mrazova, Vendula"]
[Result "1-0"]
[WhiteElo "1100"]
[BlackElo "1100"]
[EventDate "2018.03.10"]

1. e4  e5  2. Nf3  Nc6
3. Bc4  Bc5  4. Nc3
Nf6  5. d3  d6
6. h3  Be6  7. Bb5  Bd7
8. Bg5  h6  9. Bh4
a6  10. Ba4  O-O
11. Nd5  Nb4  12. Nxf6+
gxf6  13. Qe2  Bxa4
14. O-O-O  Qe8  15. Nd2
Qe6  16. b3  Bd7
17. Qh5  f5  18. exf5
Qxf5  19. Qxh6  Qh7
20. Qg5+  Qg6  21. Qe7
Rfd8  22. Rde1  b6
23. Re4  Nxa2+  24. Kb1
Nc3+  25. Kc1  Nxe4
26. dxe4  Qxg2  27. Rf1
Ba3+  28. Kb1  Bc6
29. Qxc7  Bxe4  30. Bxd8
Bg6  31. Qxb6  Qxh3
32. Rg1  Qf5  33. Ka2
Bc5  34. Rxg6+  fxg6
35. Qc7  Qxc2+  36. Ka1
Ba3  37. Qxc2  Rxd8
38. Qxg6+  Kf8  39. Ne4
Bb4  40. Ng5  Rd7
41. Qe6  Re7  42. Qc8+
Re8  43. Qf5+  Kg8
44. Qf7+  Kh8  45. Qh7# 1-0

[Event "MCR mladeze, Kouty 2018 - D10"]
[Site "Kouty nad Desnou"]
[Date "2018.03.17"]
[Round "9"]
[White "Souralova, Alena"]
[Black "Kubickova, Linda"]
[Result "0-1"]
[WhiteElo "1000"]
[BlackElo "1000"]
[EventDate "2018.03.10"]

1. e4  e5  2. Nf3  Nc6
3. Nc3  Bb4  4. Bb5
Bxc3  5. dxc3  Na5
6. b3  Nf6  7. O-O
Nxe4  8. Qe1  Nf6
9. c4 O-O  10. Bg5  Re8 11. Bxf6
Qxf6  12. Rd1  Re7
13. Qe2  d6  14. Qd2
Bf5  15. Qxa5  Bxc2
16. Rc1  Bd3  17. Rce1
Bxf1  18. Rxf1  e4
19. Nd2  Rc8  20. Qc3
Qe6  21. h3  e3
22. Qxe3  Qxe3  23. fxe3  Kf8
24. Rf4  Rxe3 25. Ne4  Re1+
26. Rf1  Rxf1+ 27. Kxf1 c6  28.
Nxd6  Rb8 29. Ke2  cxb5  30. Kd3
Rd8  31. Kd4  Rxd6+
32. Kc5  Rb6  33. cxb5
a6  34. bxa6  Rxa6
35. Kb5  f5  36. g4
g6  37. gxf5  gxf5
38. Kc4  Rf6  39. Kd3
f4  40. Ke2 f3+ 41. Kf2  Rf4
42. a4  Rf6  43. b4
Ke8  44. b5  Kd8
45. a5  Kc8  46. Kf1 Kb8
47. a6  Ka7  48. axb7
Kxb7  49. Kf2  Kb6
50. h4  Kxb5  51. h5
Rd6  52. h6  Rxh6
53. Kxf3  Rg6  54. Kf4
h6  55. Kf5  Rg1
56. Kf4  h5  57. Kf3
h4  58. Kf2  Rg8
59. Kf1  h3  60. Kf2
h2  61. Kf1  h1=R+ 62. Kf2 Rh3
63. Kf1  Rh2  64. Ke1
Ra8  65. Kf1  Ra1# 0-1

[Event "MCR mladeze, Kouty 2018 - D10"]
[Site "Kouty nad Desnou"]
[Date "2018.03.17"]
[Round "9"]
[White "Stavova, Lucie"]
[Black "Barteckova, Nikol"]
[Result "1-0"]
[WhiteElo "1000"]
[BlackElo "1000"]
[EventDate "2018.03.10"]

1. e4  e5  2. Nf3  Nc6
3. Nc3  Nf6  4. d4
exd4  5. Nxd4  Bb4
6. Bd2  Nxd4  7. Bc4
O-O  8. O-O  d6
9. Re1  Bg4  10. Ne2 Nc6  11. c3
Ba5  12. b4  Bb6 13. b5
Ne5  14. Bb3  Nxe4
15. Qc2  Nf6  16. Rad1
Bd7  17. a4  Bg4
18. Ba2  Bxe2  19. Rxe2
Ng6  20. Bg5  Qd7
21. Bb1  Nh4  22. Bxh4
Rae8  23. Ree1  Re5
24. Bxf6  gxf6  25. Qxh7#
1-0